|
|
|
|
| LEADER |
01937cam a2200493Ma 4500 |
| 001 |
ocm47009901 |
| 003 |
OCoLC |
| 005 |
20190114101357.0 |
| 006 |
m o d |
| 007 |
cr cn||||||||| |
| 008 |
010327s1997 nyu ob 001 0 eng d |
| 040 |
|
|
|a N$T
|b eng
|e pn
|c N$T
|d OCL
|d OCLCQ
|d YDXCP
|d OCLCG
|d OCLCQ
|d TNF
|d OCLCO
|d OCLCQ
|d OCLCF
|d OCLCQ
|d PIFBR
|d OCLCQ
|d WY@
|d LUE
|
| 020 |
|
|
|a 0585360448
|q (electronic bk.)
|
| 020 |
|
|
|a 9780585360447
|q (electronic bk.)
|
| 035 |
|
|
|a (OCoLC)47009901
|
| 050 |
|
4 |
|a MT6
|b .M962078 1997eb
|
| 072 |
|
7 |
|a MUS
|x 041000
|2 bisacsh
|
| 082 |
0 |
4 |
|a 781
|2 21
|
| 049 |
|
|
|a MAIN
|
| 245 |
0 |
0 |
|a Music theory in concept and practice /
|c edited by James M. Baker, David W. Beach, Jonathan W. Bernard.
|
| 260 |
|
|
|a Rochester, N.Y. :
|b University of Rochester Press,
|c 1997.
|
| 300 |
|
|
|a 1 online resource (544 pages).
|
| 336 |
|
|
|a text
|b txt
|2 rdacontent
|
| 337 |
|
|
|a computer
|b c
|2 rdamedia
|
| 338 |
|
|
|a online resource
|b cr
|2 rdacarrier
|
| 490 |
1 |
|
|a Eastman studies in music
|
| 504 |
|
|
|a Includes bibliographical references and index.
|
| 588 |
0 |
|
|a Print version record.
|
| 590 |
|
|
|a OCLC
|b WorldCat Holdings
|
| 590 |
|
|
|a eBooks on EBSCOhost
|b All EBSCO eBooks
|
| 650 |
|
0 |
|a Music theory.
|
| 650 |
|
7 |
|a MUSIC
|x Instruction & Study
|x Theory.
|2 bisacsh
|
| 650 |
|
7 |
|a Music theory.
|2 fast
|0 (OCoLC)fst01030620
|
| 655 |
|
4 |
|a Electronic books.
|
| 700 |
1 |
|
|a Baker, James M.,
|d 1948-
|
| 700 |
1 |
|
|a Beach, David,
|d 1938-
|
| 700 |
1 |
|
|a Bernard, Jonathan W.,
|d 1951-
|
| 776 |
0 |
8 |
|i Print version:
|t Music theory in concept and practice.
|d Rochester, N.Y. : University of Rochester Press, 1997
|z 1878822799
|w (DLC) 96053956
|w (OCoLC)36133398
|
| 830 |
|
0 |
|a Eastman studies in music.
|
| 856 |
4 |
0 |
|u http://search.ebscohost.com/login.aspx?direct=true&scope=site&db=nlebk&AN=34355
|
| 938 |
|
|
|a EBSCOhost
|b EBSC
|n 34355
|
| 938 |
|
|
|a YBP Library Services
|b YANK
|n 2325122
|
| 994 |
|
|
|a 92
|b GRPAT
|
| 999 |
|
|
|c 138856
|d 138856
|